The Dhoni Touch (Record no. 41147)
[ view plain ]
| 000 -LEADER | |
|---|---|
| fixed length control field | 00290nam a2200121Ia 4500 |
| 008 - FIXED-LENGTH DATA ELEMENTS--GENERAL INFORMATION | |
| fixed length control field | 240719s9999 xx 000 0 und d |
| 041 ## - LANGUAGE CODE | |
| Language code of text/sound track or separate title | eng |
| 082 ## - DEWEY DECIMAL CLASSIFICATION NUMBER | |
| Classification number | 920 SUN |
| 100 ## - MAIN ENTRY--PERSONAL NAME | |
| Personal name | Sundaresan, Bharat |
| 245 ## - TITLE STATEMENT | |
| Title | The Dhoni Touch |
| 260 ## - PUBLICATION, DISTRIBUTION, ETC. | |
| Place of publication, distribution, etc. | Gurugram |
| Name of publisher, distributor, etc. | Penguin |
| Date of publication, distribution, etc. | 2018 |
| 300 ## - PHYSICAL DESCRIPTION | |
| Extent | 207 P.; 22 Cm. |
| Withdrawn status | Lost status | Damaged status | Not for loan | Home library | Current library | Shelving location | Date acquired | Total Checkouts | Total Renewals | Full call number | Barcode | Date last seen | Date last checked out | Price effective from | Koha item type |
|---|---|---|---|---|---|---|---|---|---|---|---|---|---|---|---|
| IMTN | IMTN | Rack 41-B | 06/15/2022 | 2 | 3 | 920 SUN | 32842 | 09/19/2025 | 07/24/2025 | 07/19/2024 | Books |